Výdavky na reklamu za prvý polrok dosiahli 3,5 mld. Sk

Výdavky na reklamu v SR za január - jún 1998. Najväčší zadávatelia reklamy na Slovensku. Výdavky na reklamu v tlači. Výdavky na reklamu v televízii, rozhlase a na billboardoch. Odhad výdavkov na reklamu v r. 1998.

Gespeichert in:
Bibliographische Detailangaben
1. Verfasser: Babitzová, Eva
Format: Buchkapitel
Sprache:Slowakisch
Schlagworte:
Tags: Tag hinzufügen
Keine Tags, Fügen Sie das erste Tag hinzu!

MARC

LEADER 00000naa a2200000 4500
001 r032415
005 20230921084118.4
041 0 |a slo 
044 |a SK 
245 1 0 |a Výdavky na reklamu za prvý polrok dosiahli 3,5 mld. Sk  |c Eva Babitzová 
520 |a Výdavky na reklamu v SR za január - jún 1998. Najväčší zadávatelia reklamy na Slovensku. Výdavky na reklamu v tlači. Výdavky na reklamu v televízii, rozhlase a na billboardoch. Odhad výdavkov na reklamu v r. 1998. 
610 2 0 |a reklama 
610 2 0 |a výdavky 
610 2 0 |a tlač 
610 2 0 |a televízia 
610 2 0 |a rozhlas 
610 2 0 |a Slovensko 
610 2 0 |a 1998 
100 1 |a Babitzová, Eva